000 00531nam a2200181Ia 4500
001 20494
005 20260306172810.0
008 260306t2008||||xx |||||||||||||| ||spa||
041 _aESP
082 _a343.332
_bP72
100 _aProyecto de Apoyo a la Reforma del Sistema de Justicia del Perú
_eAUT
245 0 _aAnálisis y sistematización de las experiencias de capacitación a jueces de paz en el territorio nacional
260 _c2008
300 _a
_c
650 _aGEN
654 _aCDE
942 _cLIB
_dJUS
_fJUS
_2ddc
_n
999 _c20494
_d20494